Statistics for UK Politics: Governmental Departments

Click here to take the quiz!

General Stats

  • This quiz has been taken 260 times
    (253 since last reset)
  • The average score is 8 of 46

Answer Stats

AbbriviationUK Governmental Department% Correct
MoDMinistry of Defence
69%
HOHome Office
61%
MoJMinistry of Justice
61%
DfEDepartment for Education
60%
DfTDepartment for Transport
51%
DoHDepartment of Health
46%
COCabinet Office
38%
DfWaPDepartment for Work and Pensions
38%
HMTHer Majesty's Treasury
34%
FaCOForeign and Commonwealth Office
33%
HMRaCHer Majesty's Revenue and Customs
33%
CPSCrown Prosecution Service
28%
AGOAttorney General's Office
23%
NIONorthern Ireland Office
22%
DfCMaSDepartment for Culture, Media and Sport
19%
OotLotHoCOffice of the Leader of the House of Commons
17%
OotLotHoLOffice of the Leader of the House of Lords
17%
SOScotland Office
17%
WOWales Office
17%
NCANational Crime Agency
16%
FSAFood Standards Agency
10%
DfCaLGDepartment for Communities and Local Government
9%
HMLRHer Majesty's Land Registry
8%
DoEaCCDepartment of Energy and Climate Change
6%
SFOSerious Fraud Office
6%
OSOrdnance Survey
5%
DfEFaRADepartment for Enviroment, Food and Rural Affairs
4%
DfIDDepartment for International Dvelopment
4%
GLDGovernment Legal Department
4%
SCotUKSupreme Court of the United Kingdom
4%
FCForestry Commission
3%
NSaINational Savings and Investment
3%
OoGaEMOffice of Gas and Electricity Markets
3%
OoRaROffice of Rail and Road
3%
OotAGfSOffice of the Advocate General for Scotland
3%
CaMACompetition and Markets Authority
2%
GADGovernment Actuary's Department
2%
UEFUK Export Finance
2%
UT&IUK Trade & Investment
2%
CCfEaWCharity Commission for England and Wales
1%
DfBIASDepartment for Bussiness, Innovation and Skills
1%
TNAThe National Archives
1%
USAUK Statistics Authority
1%
WSRAWater Services Regulation Authority
1%
OfSiECSaSOffice for Standards in Education, Children Services and Skills
0%
OoQaEROffice of Qualifications and Examminations Regulation
0%

Score Distribution

Percentile by Number Answered

Percent of People with Each Score

Your Score History

You have not taken this quiz since the last reset